00410nam a2200181Ia 4500008004100000020001800041050001400059100001800073245002000091245001800111260001500129260001600144260000900160300001400169300002700183300001000210500000800220170918s9999 xx 000 0 und d a9780439024549 bM468 1988 aMayer, Mercer aI just forgot / cMercer Mayer. aNew York : bScholastic, c1988 aunpaged : bcolored illustration ; c20cm. a490